| 000 | 01151nam a22002177a 4500 | ||
|---|---|---|---|
| 008 | 100808t1964 xxu||||| |||| 00| 0 ara d | ||
| 082 |
_222 _bج ز ل _a301.4315 |
||
| 100 | 1 |
_917280 _aجزل، أرنولد |
|
| 245 |
_aالشباب : _bمن العاشرة الى السادسة عشرة / _cأرنولد جزل... واخ؛ ترجمة عبد العزيز توفيق جاويد ؛ راجعة مصطفي فهمي. _hYouth From Ten to Sixteen |
||
| 260 |
_aالقاهرة : _bمكتبة الأنجلو المصرية ، _c1964. |
||
| 300 |
_aك ، 458 ص : _bايض ؛ _c24 سم. |
||
| 500 | _aيحتوي علي كشافات | ||
| 504 | _aيحتوي علي ارجاعات ببليوجرافية | ||
| 541 |
_aألف باء ؛ _cشراء ؛ |
||
| 650 | 0 |
_917302 _aالمراهقون |
|
| 650 | 0 |
_917303 _aالمراهقون _bآداب السلوك |
|
| 700 | 1 |
_916656 _aجاويد ، عبد العزيز توفيق _eمترجم |
|
| 700 | 1 |
_917281 _aفهمى، مصطفى _eمراجع |
|
| 710 |
_917282 _aوزارة التعليم العالي _bقسم الترجمة والألف كتاب|الادارة العامة للثقافة |
||
| 942 |
_2ddc _cBB |
||
| 999 |
_c14647 _d14647 |
||